000 01609 a2200217 4500
001 47125
005 20260407155739.0
008 260407a1986 arg spa d
003 AR-UNSa-BCEJYS
040 _aAR-UNSa-BCEJYS
_bspa
_cAR-UNSa-BCEJYS
080 _a658.5
_xPlanificación y control de la producción
245 1 0 _aAportaciones a la teoría de la producción conjunta
020 _a968-16-2242-1
264 1 _aMéxico :
_bFondo de Cultura Económica
_c1986
300 _a286 p.
_c23 cm.
505 _a1. Aportaciones a la teoría de la producción conjunta: introducción / Luigi Pasinetti - 2. El modelo de Piero Sraffa para producción conjunta de mercancías por medio de mercancías / Carlos Felice Manara - 3. La noción de sector verticalmente integrado en el análisis económico / Luigi Pasintetti - 4. Mercancías básicas, mercancías no básicas y producción conjunta / Ian Steedman - 5. Nota sobre las mercancías básicas, las mercancías no básicas y la producción conjunta / Luigi Pasinetti - 6. Precios, tasa de beneficio y duración del capital fijo en el esquema teórico de Piero Sraffa / Paolo Varri - 7. El capital fijo en el esquema teórico de Piero Sraffa / salvatore Baldone - 8. Capital fijo, acumulación y progreso técnico / Bertram Schefold - 9. Renta de la tierra, distribución del ingreso, orden de eficiencia y de rentabilidad / Alberto Quadrio Curzio -
942 _cBK
590 _aniveau_biblio:m niveau_hierar:0
100 1 _aPasinetti, Luigi
856 4 1 _uhttps://www.biblioeco.unsa.edu.ar/pmb/images/libros/L127398.jpg
_yImagen de portada
_qimage/jpeg
999 _c4293
_d4293